00785cam a2200217 a 450000100100000000500170001000800410002702000160006804000250008408200180010910000390012724500900016626000430025630000210029965000290032065000310034970000390038004900090041995201220042899900170055000002501420200930023517.0901219s2002 sp 000 p spa d z84993170712 aDO-SdBNPbspacBNPHU a861.64bP338a1 aPavía Molina, Carlos Luis92304013aEl arrebato /cCarlos Luis Pavía Molina; colaboración Javier Pavía Fernández. aMadrid, (España) :b[s. n. ],c2002. a140 p. ;c20 cm. 4aPoesía española9631 4aLiteratura española96321 aPavía Fernández, Javier951327 aBNGR 001054708MOaGRbGRcCTd2011-02-08iLF1l0o861.64 P338ap25014-10r2020-06-25w2020-06-25y4ZPréstamo en sala c24507d24507